000 00487nam a2200181Ia 4500
005 20250923144449.0
008 008 250917s9999 xx 000 0 eng d
037 _aTextual
040 _aDSWL
_beng
_cDSWL
041 _aeng
_2eng
084 _qDSWL
100 _aMead, Margaret
_9825157
245 0 _aCultural patterns and technical change
_cby Margaret Mead
260 _aParis
_bUnesco
_c1953
300 _a348p.
942 _cTEXL
999 _c1439195
_d1439195